00775nam a22002177a 4500003000400000005001700004008004100021020002300062040003100085050001500116100002700131245015400158250002900312260004500341300004100386336002400427337002800451338002500479650002200504650003100526OSt20241009101634.0240913b |||||||| |||| 00| 0 eng d a (hardcover) aNUSTbengcNUSTdNUSTerda aNA7755 REN aHaupt, G. B. AeEditor aRenaissance palaces of northern Italy & Tuscany :bwith some examples of earlier styles from the 13th to the 17th century /c G. B. A. Haupt,hEditor aRevised reissue edition. aLondon:bB.T. Batsford ,c[Not Defined]. a160 pages :bIllustrations ;c36 cm. 2rdamediaatextbtxt 2rdamediaaunmediatedbn 2rdamediaavolumebnc vPalaces -- Italy. vArchitecture, Renaissance.